| 000 | 00422nam a22001457a 4500 | ||
|---|---|---|---|
| 020 | _a978-1789612891 | ||
| 082 |
_a658.3225 _bJON |
||
| 100 | _aJones, Sarah E. | ||
| 245 |
_aReward Management : Alternatives, Consequences and Contexts / _cSarah E Jones, Stephen Perkins. |
||
| 250 | _a5th Edition. | ||
| 260 |
_aNew York : _bKogan Page, _c2024. |
||
| 300 | _axvii, 492p. : | ||
| 563 | _aPB | ||
| 942 |
_2ddc _cBK |
||
| 999 |
_c613550 _d613550 |
||